00389nam a22001097a 4500008004100000050002500041100002500066245007900091260003900170300001700209440005300226161110b xxu||||| |||| 00| 0 eng d aKZ21.B7(1948 vol.25) aGeoffrey,Cumberlege. aThe British Year Book Of International Law 1948./cedited by H.Lauterpacht aLondon:bOxford univ.Press,c1948. a506p.c24cm. aThe British Year Book Of International Lw 1948./